000 00613nam a2200253Ia 4500
005 20260121153853.0
008 008 260114s9999 xx 000 0 eng d
020 _a9781315888675
037 _aEBOOK
040 _aCRL
040 _beng
040 _cCRL
041 _2eng
041 _aeng
084 _qCRL
100 _aKarl Mannheim; W. A. C. Stewart
_91000157
245 0 _aIntro Sociol Education V 9
260 _bTaylor and Francis
260 _c1962
856 _uhttp://www.taylorfrancis.com/books/9781315888675
942 _cEBOOK
999 _c1566978
_d1566978